01125nam#a22002415a#450000100060000000300090000600500170001500700030003200800410003502000180007604000290009404100080012310000440013124500620017525000220023726000380025930000220029749000300031950000240034952004520037365000320082565500260085712700AR-RoUNC20260518163952.0ta241104s2016 ag |r 00| f spa d a9789876420204 aAR-RoUNCbspacAR-RoUNCS1 aspa1 aCarreras de Sosa, Lydia,d1949-,eautor13aEl juramento de los Centenera / cLydia Carreras de Sosa. a1a ed. 10a reimp. aBuenos Aires :bEdelvives,c2016. a188 p. ; c21 cm.0 aColección alandar ; v8 aVII Premio Alandar. aA principios del siglo xx, los hermanos Centenera deciden emigrar a la Argentina. Huérfanos y sin trabajo, emprenden el viaje en barco. Cuando están a punto de llegar, la hermana pequeña desaparece. Incapaces de enfrentarse a esta tragedia, juran no volver a mencionar el hecho y seguir adelante con sus vidas. Con el tiempo, Joseph, uno de los hermanos, rompre la promesa y cuenta todo a una amiga, quien va a ayudarlos a develar la verdad. 72embneaLiteratura argentina 72embneaNovelas cortas